[Event "4NCL/Div4/PONTY vs. GREN"]
[Site "West Bromwich ENG"]
[Date "2005.11.05"]
[Round "1.3"]
[White "Adams, Mark A"]
[Black "Greely, Simon"]
[Result "1/2-1/2"]
[WhiteElo "2035"]
[BlackElo "2010"]
[PlyCount "52"]
[EventDate "2005.11.05"]
[SourceDate "2005.10.25"]

1. e4 e5 2. Nf3 Nc6 3. Bc4 Nf6 4. d3 Bc5 5. Nc3 a6 6. Bg5 h6 7. Bxf6 Qxf6 8.
Nd5 Qd8 9. c3 d6 10. b4 Ba7 11. O-O Ne7 12. Ne3 O-O 13. Qe2 Kh7 14. Rad1 f5 15.
Ng5+ Kg6 16. Ne6 Bxe6 17. Bxe6 f4 18. Qg4+ Kh7 19. Nf5 Nxf5 20. Bxf5+ Kg8 21.
d4 exd4 22. cxd4 Qf6 23. Be6+ Kh8 24. e5 Qg5 25. exd6 Qxg4 26. Bxg4 cxd6
1/2-1/2

[Event "4NCL/Div4/PONTY vs. GREN"]
[Site "West Bromwich ENG"]
[Date "2005.11.05"]
[Round "1.4"]
[White "Grossett, Duncan D"]
[Black "Taylor, Robert G"]
[Result "1-0"]
[WhiteElo "2035"]
[BlackElo "2002"]
[PlyCount "75"]
[EventDate "2005.11.05"]
[SourceDate "2005.10.25"]

1. d4 Nf6 2. Nf3 g6 3. g3 Bg7 4. Bg2 O-O 5. c4 d6 6. Nc3 Nc6 7. d5 Na5 8. Qd3
c5 9. O-O a6 10. Rb1 Rb8 11. b4 cxb4 12. Rxb4 b6 13. Nd4 Nd7 14. Nc6 Nxc6 15.
dxc6 Ne5 16. Qd2 e6 17. Rd1 Re8 18. f4 Ng4 19. Ne4 d5 20. cxd5 exd5 21. Qxd5
Qxd5 22. Rxd5 Be6 23. Nd6 Re7 24. Rd3 Rc7 25. h3 Nf6 26. Be3 b5 27. a4 Bf5 28.
Nxf5 gxf5 29. axb5 axb5 30. Bc5 Bf8 31. Bd6 Bxd6 32. Rxd6 Ne4 33. Rd5 Nxg3 34.
Rd7 Rxd7 35. cxd7 Ne4 36. Rxb5 Rd8 37. Rxf5 Ng3 38. Rg5+ 1-0

[Event "4NCL/Div4/PONTY vs. GREN"]
[Site "West Bromwich ENG"]
[Date "2005.11.05"]
[Round "1.5"]
[White "Gilbert, Jonathan A"]
[Black "Hibbitt, Arthur M"]
[Result "1-0"]
[WhiteElo "2055"]
[BlackElo "1950"]
[PlyCount "157"]
[EventDate "2005.11.05"]
[SourceDate "2005.10.25"]

1. d4 e6 2. c4 b6 3. Nf3 Bb7 4. g3 Bxf3 5. exf3 Nf6 6. Nc3 Be7 7. Bg2 d5 8. f4
c6 9. cxd5 cxd5 10. O-O O-O 11. b3 Qd7 12. Bb2 Nc6 13. Rc1 Rfc8 14. Re1 a6 15.
Qd3 b5 16. Red1 Ra7 17. h3 Rac7 18. Kh2 Bb4 19. Ne2 Ba5 20. a3 Bb6 21. g4 Ne7
22. Qe3 h5 23. f3 Rc2 24. Rxc2 Rxc2 25. Rd2 Qc7 26. Qd3 Rxd2 27. Qxd2 hxg4 28.
fxg4 Ne4 29. Bxe4 dxe4 30. Kg2 Nd5 31. Qc1 Qb7 32. Kg3 f5 33. Qc2 Nf6 34. g5
Nd5 35. Bc1 Ne7 36. h4 Qd5 37. h5 Bxd4 38. Bd2 Bb6 39. Bb4 Nc6 40. g6 Qd3+ 41.
Qxd3 exd3 42. Nc3 Nxb4 43. axb4 Bc7 44. Kf3 Bd6 45. Na2 d2 46. Ke2 Bxf4 47. Nc3
Kf8 48. Nd1 Ke7 49. Nf2 Kf6 50. Nd3 Bc7 51. Kxd2 Kg5 52. Nc5 a5 53. Nxe6+ Kxh5
54. Nxc7 axb4 55. Nxb5 Kxg6 56. Nd4 Kf6 57. Nc6 g5 58. Ke3 Ke6 59. Kd4 g4 60.
Ke3 Kd5 61. Ne7+ Ke5 62. Nc6+ Kd5 63. Nxb4+ Kc5 64. Nd3+ Kd5 65. Nf4+ Kc5 66.
Kd3 Kb4 67. Kc2 g3 68. Ng2 Kb5 69. Kc3 Kc5 70. b4+ Kb5 71. Kb3 Kb6 72. Kc4 Kc6
73. b5+ Kb6 74. Kb4 Kb7 75. Kc5 Kc7 76. b6+ Kb7 77. Kb5 Kb8 78. Kc6 Kc8 79. Nf4
1-0

[Event "4NCL/Div4/PONTY vs. GREN"]
[Site "West Bromwich ENG"]
[Date "2005.11.05"]
[Round "1.6"]
[White "Butterworth, Paul"]
[Black "Davies, Peter L"]
[Result "1-0"]
[WhiteElo "1890"]
[BlackElo "1960"]
[PlyCount "81"]
[EventDate "2005.11.05"]
[SourceDate "2005.10.25"]

1. d4 Nf6 2. c4 c5 3. d5 Ne4 4. Qc2 Qa5+ 5. Nd2 Nd6 6. e4 g6 7. Bd3 Bg7 8. Ngf3
e5 9. dxe6 dxe6 10. e5 Nf5 11. O-O O-O 12. Nb3 Qc7 13. Bf4 Nc6 14. Qe2 b6 15.
Be4 Bb7 16. g4 Ncd4 17. Nbxd4 Nxd4 18. Nxd4 cxd4 19. Bxb7 Qxb7 20. Rad1 Rad8
21. Rfe1 Qe7 22. Qe4 Qb4 23. b3 Qc3 24. Rd3 Qb2 25. Re2 Qa3 26. Bg5 Rd7 27.
Rxd4 Rxd4 28. Qxd4 Qb4 29. Qd7 Qc3 30. Be7 Ra8 31. Re3 Qb2 32. Bd6 Qd4 33. h3
a5 34. Qb7 Rf8 35. Bxf8 Bxf8 36. Rf3 f5 37. exf6 Qc5 38. Qe4 Qd6 39. g5 Qc5 40.
Re3 Qxg5+ 41. Kf1 1-0

[Event "4NCL/Div4/CAMB2 vs. HAL"]
[Site "West Bromwich ENG"]
[Date "2005.11.05"]
[Round "1.1"]
[White "Pickard, Charles"]
[Black "Tarr, Steve"]
[Result "1/2-1/2"]
[WhiteElo "2125"]
[BlackElo "1940"]
[PlyCount "39"]
[EventDate "2005.11.05"]
[SourceDate "2005.10.25"]

1. d4 Nf6 2. Nf3 e6 3. g3 d5 4. Bg2 b6 5. c4 Bb7 6. cxd5 exd5 7. O-O Be7 8. Nc3
O-O 9. Bg5 Nbd7 10. Qb3 h6 11. Bxf6 Nxf6 12. Ne5 Re8 13. Rac1 c5 14. dxc5 Bxc5
15. Nd3 Qd7 16. e3 Rab8 17. Rcd1 d4 18. Bxb7 Qxb7 19. exd4 Bxd4 20. Nb5 1/2-1/2

[Event "4NCL/Div4/CAMB2 vs. HAL"]
[Site "West Bromwich ENG"]
[Date "2005.11.05"]
[Round "1.2"]
[White "Ambrose, Andy"]
[Black "Wallden, Petros"]
[Result "0-1"]
[WhiteElo "1915"]
[BlackElo "2105"]
[PlyCount "58"]
[EventDate "2005.11.05"]
[SourceDate "2005.10.25"]

1. e4 c5 2. Nf3 Nc6 3. Nc3 e6 4. Bb5 Nge7 5. Qe2 a6 6. Ba4 b5 7. Bxb5 axb5 8.
Nxb5 Ng6 9. O-O Be7 10. d3 O-O 11. c4 Bb7 12. Bd2 d6 13. a4 e5 14. Rfb1 f5 15.
Ne1 Qd7 16. Nc2 Bd8 17. f3 Ba5 18. b4 Nxb4 19. Nxb4 Bxb4 20. Bxb4 cxb4 21. Qd2
Nf4 22. Rxb4 Rf6 23. Qe3 Rg6 24. Rb2 fxe4 25. dxe4 Qh3 26. Raa2 Rxa4 27. Qb3
Rxa2 28. Qxa2 Qxf3 29. Rd2 Nh3+ 0-1

[Event "4NCL/Div4/CAMB2 vs. HAL"]
[Site "West Bromwich ENG"]
[Date "2005.11.05"]
[Round "1.3"]
[White "Gooding, Ian"]
[Black "Peck, Windsor W"]
[Result "1-0"]
[WhiteElo "2100"]
[BlackElo "1910"]
[PlyCount "41"]
[EventDate "2005.11.05"]
[SourceDate "2005.10.25"]

1. e4 e6 2. d4 d5 3. Nc3 Nf6 4. Bg5 Be7 5. e5 Nfd7 6. Bxe7 Qxe7 7. f4 a6 8. Nf3
c5 9. Ne2 b5 10. dxc5 Qxc5 11. c3 Nc6 12. Ned4 O-O 13. Bd3 Nxd4 14. Nxd4 Re8
15. O-O f5 16. Kh1 Nb8 17. g4 Nc6 18. gxf5 Nxd4 19. cxd4 Qxd4 20. f6 g6 21. f7+
1-0

[Event "4NCL/Div4/CAMB2 vs. HAL"]
[Site "West Bromwich ENG"]
[Date "2005.11.05"]
[Round "1.4"]
[White "Llewellyn, John D"]
[Black "Low, Ying Min"]
[Result "0-1"]
[WhiteElo "1795"]
[BlackElo "2050"]
[PlyCount "100"]
[EventDate "2005.11.05"]
[SourceDate "2005.10.25"]

1. e4 d5 2. exd5 Nf6 3. Nc3 Nxd5 4. Bc4 Nb6 5. Bb3 Nc6 6. Nf3 Bf5 7. d4 e6 8.
O-O Na5 9. Re1 Nxb3 10. axb3 c6 11. Ne2 h6 12. c4 Be7 13. Nc3 O-O 14. Bf4 Bg4
15. Be3 a6 16. Qe2 Nd7 17. Ne4 Nf6 18. Ng3 Qb6 19. Qd1 Bxf3 20. gxf3 Qc7 21.
Kh1 Rfd8 22. Qc2 c5 23. Rad1 Rd7 24. Ne4 Nxe4 25. fxe4 cxd4 26. Bxd4 Qf4 27.
Qe2 Rad8 28. Be3 Qxe4+ 29. f3 Qf5 30. Rxd7 Rxd7 31. Qg2 Kh7 32. Rg1 g6 33. Qe2
Qd3 34. Qf2 Bf6 35. Rg4 h5 36. Rf4 Qb1+ 37. Kg2 Qxb2 38. Re4 Qxf2+ 39. Kxf2 Kg7
40. Bc5 Rd2+ 41. Kg3 h4+ 42. Kh3 Rd3 43. Re3 Rxe3 44. Bxe3 Kf8 45. Kg4 Ke7 46.
h3 Kd6 47. Bf2 Be7 48. Bxh4 Bxh4 49. Kxh4 Kc5 50. Kg5 Kb4 0-1

[Event "4NCL/Div4/CAMB2 vs. HAL"]
[Site "West Bromwich ENG"]
[Date "2005.11.05"]
[Round "1.5"]
[White "Campbell, Mark"]
[Black "Borley, Martin"]
[Result "1-0"]
[WhiteElo "2005"]
[BlackElo "1670"]
[PlyCount "57"]
[EventDate "2005.11.05"]
[SourceDate "2005.10.25"]

1. e4 c5 2. Nf3 d6 3. d4 cxd4 4. Nxd4 a6 5. c4 b6 6. Nc3 Nf6 7. Bd3 e5 8. Nc2
Nbd7 9. O-O Nc5 10. Bg5 Be7 11. Bxf6 Bxf6 12. Ne3 O-O 13. Ned5 Bd7 14. Bc2 Ne6
15. Nxf6+ Qxf6 16. Qxd6 Nd4 17. Qxf6 gxf6 18. Bd3 Be6 19. Nd5 Bxd5 20. exd5 Kh8
21. Rae1 Rg8 22. f4 Rg4 23. fxe5 f5 24. Bxf5 Nxf5 25. Rxf5 Rxc4 26. Rxf7 Rd4
27. d6 Kg8 28. Rd7 Re8 29. e6 1-0

[Event "4NCL/Div4/CAMB2 vs. HAL"]
[Site "West Bromwich ENG"]
[Date "2005.11.05"]
[Round "1.6"]
[White "Evans, Joyce"]
[Black "Spencer, Carl"]
[Result "0-1"]
[WhiteElo "1440"]
[BlackElo "1995"]
[PlyCount "54"]
[EventDate "2005.11.05"]
[SourceDate "2005.10.25"]

1. e4 e6 2. Nf3 d5 3. e5 c5 4. d3 Nc6 5. d4 cxd4 6. Bb5 Qa5+ 7. c3 Qxb5 8. cxd4
Nb4 9. Qb3 Nd3+ 10. Kd1 Qxb3+ 11. axb3 Nxf2+ 12. Ke1 Nxh1 13. Nc3 Bd7 14. Bd2
Ne7 15. Ke2 Ng3+ 16. hxg3 h5 17. Rf1 Nf5 18. Be1 Be7 19. Bf2 O-O 20. Rc1 Rfc8
21. Rh1 g6 22. Be1 Rc6 23. Kf2 Rb6 24. Nd2 Bg5 25. Nf3 Be3+ 26. Ke2 Rxb3 27.
Nd1 Bb5# 0-1

[Event "4NCL/Div4/KTP vs. 3CS2"]
[Site "West Bromwich ENG"]
[Date "2005.11.05"]
[Round "1.1"]
[White "Harley Yeo, Gareth"]
[Black "James, Dale R"]
[Result "0-1"]
[WhiteElo "1836"]
[BlackElo "2240"]
[PlyCount "47"]
[EventDate "2005.11.05"]
[SourceDate "2005.10.25"]

1. d4 Nf6 2. c4 g6 3. Nc3 d5 4. cxd5 Nxd5 5. e4 Nxc3 6. bxc3 c5 7. Bc4 Bg7 8.
Ne2 Nc6 9. Be3 O-O 10. O-O a6 11. a4 cxd4 12. cxd4 Na5 13. Bd3 Be6 14. d5 Bxa1
15. Qxa1 f6 16. Bh6 Re8 17. Nf4 Bf7 18. e5 Bxd5 19. exf6 exf6 20. Nxd5 Qxd5 21.
Qxf6 Qe5 22. Qf3 Rad8 23. Bb1 Qe2 24. Qc3 0-1

[Event "4NCL/Div4/KTP vs. 3CS2"]
[Site "West Bromwich ENG"]
[Date "2005.11.05"]
[Round "1.2"]
[White "Jaunooby, Ali Reza"]
[Black "Carpenter, Dai"]
[Result "1-0"]
[WhiteElo "2160"]
[BlackElo "1900"]
[PlyCount "47"]
[EventDate "2005.11.05"]
[SourceDate "2005.10.25"]

1. d4 g6 2. c4 Bg7 3. Nc3 c5 4. d5 Bxc3+ 5. bxc3 f5 6. g4 fxg4 7. h3 gxh3 8.
Nxh3 d6 9. Nf4 Bf5 10. f3 Nf6 11. e4 Nxe4 12. fxe4 Bxe4 13. Ne6 Qa5 14. Rh3 Nd7
15. Bd3 Bxd3 16. Qxd3 Ne5 17. Qe4 Kd7 18. Bf4 Qa3 19. Bxe5 Qb2 20. Rb1 Qxa2 21.
Rxb7+ Kc8 22. Rh2 Qa3 23. Rhb2 h5 24. Rc7# 1-0

[Event "4NCL/Div4/KTP vs. 3CS2"]
[Site "West Bromwich ENG"]
[Date "2005.11.05"]
[Round "1.3"]
[White "Davies, Matthew"]
[Black "Adams, Phil"]
[Result "1/2-1/2"]
[WhiteElo "1855"]
[BlackElo "2150"]
[PlyCount "62"]
[EventDate "2005.11.05"]
[SourceDate "2005.10.25"]

1. d4 Nf6 2. c4 e6 3. Nc3 Bb4 4. e3 b6 5. Nf3 Ne4 6. Qc2 Bxc3+ 7. bxc3 Bb7 8.
Bd3 f5 9. O-O O-O 10. Ba3 Rf6 11. Nd2 Rh6 12. Nxe4 Qh4 13. f3 fxe4 14. Bxe4
Qxh2+ 15. Kf2 Qh4+ 16. Ke2 d5 17. cxd5 exd5 18. Bd3 Qg3 19. Rf2 Nd7 20. Raf1 c5
21. Kd1 Bc6 22. e4 c4 23. Be2 Rh2 24. e5 Re8 25. f4 Rxg2 26. Rxg2 Qxg2 27. Qf5
Ba4+ 28. Kd2 g6 29. Qb1 Qg3 30. Qb4 Bc6 31. Qd6 Nb8 1/2-1/2

[Event "4NCL/Div4/KTP vs. 3CS2"]
[Site "West Bromwich ENG"]
[Date "2005.11.05"]
[Round "1.4"]
[White "Lysons, John"]
[Black "Steele, Dafydd"]
[Result "1/2-1/2"]
[WhiteElo "1950"]
[BlackElo "1905"]
[PlyCount "53"]
[EventDate "2005.11.05"]
[SourceDate "2005.10.25"]

1. d4 Nf6 2. c4 c5 3. d5 b5 4. cxb5 a6 5. b6 Qxb6 6. Nc3 e6 7. e4 Bb7 8. Nf3
exd5 9. exd5 d6 10. a4 Nbd7 11. a5 Qc7 12. Bc4 Be7 13. O-O O-O 14. Re1 Rfe8 15.
h3 Bf8 16. Bf4 Rxe1+ 17. Qxe1 Re8 18. Qd2 Qd8 19. Qd3 Qa8 20. Ng5 Ne5 21. Bxe5
Rxe5 22. Nf3 Rh5 23. Rd1 Qc8 24. Ne4 Nxe4 25. Qxe4 Qf5 26. Qe2 Qc8 27. Kh2
1/2-1/2

[Event "4NCL/Div4/KTP vs. 3CS2"]
[Site "West Bromwich ENG"]
[Date "2005.11.05"]
[Round "1.5"]
[White "Fathallah, Joe"]
[Black "Glover, Richard"]
[Result "0-1"]
[WhiteElo "1768"]
[BlackElo "1965"]
[PlyCount "108"]
[EventDate "2005.11.05"]
[SourceDate "2005.10.25"]

1. e4 d5 2. exd5 Qxd5 3. Nc3 Qa5 4. Bc4 Nf6 5. d3 c6 6. Bd2 Qc7 7. Nge2 e6 8.
Ng3 Nbd7 9. Nce4 Nxe4 10. Nxe4 a5 11. a3 b5 12. Ba2 Nc5 13. Nxc5 Bxc5 14. Qe2
Bd4 15. c3 Bf6 16. d4 O-O 17. O-O Bb7 18. Bb1 Rfe8 19. Qg4 c5 20. dxc5 Qxc5 21.
Bc2 Rad8 22. Rfd1 Qc6 23. Be3 h5 24. Qh3 b4 25. axb4 axb4 26. Bd2 Ra8 27. Be1
Rec8 28. Rxa8 Rxa8 29. f3 g6 30. Be4 Qa4 31. Rc1 Bxe4 32. fxe4 bxc3 33. Bxc3
Bxc3 34. Qxc3 Qxe4 35. Rd1 Qb7 36. Qf3 Qxf3 37. gxf3 Rb8 38. Rd2 Kf8 39. Kf2
Ke7 40. Ke3 g5 41. h3 f5 42. Kd4 Rd8+ 43. Ke3 Rxd2 44. Kxd2 Kd6 45. Kc3 g4 46.
fxg4 hxg4 47. hxg4 fxg4 48. Kd3 Kd5 49. Ke3 e5 50. b3 Kc5 51. Kf2 Kb4 52. Kg3
Kxb3 53. Kxg4 Kc3 54. Kf3 Kd3 0-1

[Event "4NCL/Div4/KTP vs. 3CS2"]
[Site "West Bromwich ENG"]
[Date "2005.11.05"]
[Round "1.6"]
[White "Compston, Michael"]
[Black "Griffiths, Hywel"]
[Result "1-0"]
[WhiteElo "1895"]
[BlackElo "1661"]
[PlyCount "69"]
[EventDate "2005.11.05"]
[SourceDate "2005.10.25"]

1. e4 c5 2. d4 cxd4 3. c3 dxc3 4. Nxc3 Nc6 5. Nf3 g6 6. Bc4 Bg7 7. Qe2 d6 8.
O-O Bg4 9. Bxf7+ Kf8 10. Bd5 Nd4 11. Qd3 Nxf3+ 12. gxf3 Bh3 13. Re1 Qd7 14. f4
Qg4+ 15. Qg3 Bxc3 16. bxc3 Rb8 17. Be3 b6 18. Bd4 Nf6 19. f3 Qxg3+ 20. hxg3 h5
21. Rad1 Rh7 22. Bb3 Nd7 23. Kh2 e5 24. fxe5 dxe5 25. Be3 Bf5 26. exf5 gxf5 27.
Be6 f4 28. gxf4 exf4 29. Bxf4 Rb7 30. Rg1 Ke7 31. Bf5 Rf7 32. Bg5+ Kf8 33. Be6
Rh7 34. Bh4 Rh8 35. Rxd7 1-0

[Event "4NCL/Div4/PAP vs. ATH1"]
[Site "West Bromwich ENG"]
[Date "2005.11.06"]
[Round "2.1"]
[White "Summerscale, Aaron"]
[Black "Stevenson, James A B"]
[Result "1-0"]
[WhiteElo "2432"]
[BlackElo "2195"]
[PlyCount "103"]
[EventDate "2005.11.06"]
[SourceDate "2005.10.25"]

1. Nf3 c5 2. c4 Nc6 3. Nc3 g6 4. e3 Bg7 5. d4 d6 6. d5 Ne5 7. Nxe5 Bxe5 8. Bd3
Bxc3+ 9. bxc3 f5 10. e4 fxe4 11. Bxe4 Nf6 12. Bd3 Qa5 13. O-O Qxc3 14. Rb1 O-O
15. Bb2 Qa5 16. Qc2 Rf7 17. h4 a6 18. Bc3 Qc7 19. Rbe1 Bd7 20. f4 b5 21. f5
gxf5 22. Bxf5 Raf8 23. Qe2 Rg7 24. Be6+ Kh8 25. Qb2 Qd8 26. Bxd7 Qxd7 27. Bxf6
exf6 28. Rxf6 Rxf6 29. Qxf6 bxc4 30. Re6 Qf7 31. Qc3 Qd7 32. Qxc4 Qb5 33. Qf4
Qb2 34. Re8+ Rg8 35. Rxg8+ Kxg8 36. Qxd6 Qd4+ 37. Kf1 Qa1+ 38. Kf2 Qxa2+ 39.
Kg3 Qa3+ 40. Kh2 Qe3 41. Qf6 Qd4 42. Qd8+ Kf7 43. Qd7+ Kg8 44. Qe8+ Kg7 45.
Qe7+ Kg6 46. d6 Qf4+ 47. Kh3 Qf5+ 48. Kg3 Qf6 49. h5+ Kg5 50. Kh3 c4 51. g4 c3
52. Kg3 1-0

[Event "4NCL/Div4/PAP vs. ATH1"]
[Site "West Bromwich ENG"]
[Date "2005.11.06"]
[Round "2.2"]
[White "Pedersen, Carsten"]
[Black "Hunt, Harriet"]
[Result "0-1"]
[WhiteElo "2175"]
[BlackElo "2352"]
[PlyCount "78"]
[EventDate "2005.11.06"]
[SourceDate "2005.10.25"]

1. e4 c5 2. Nc3 Nc6 3. g3 g6 4. Bg2 Bg7 5. d3 d6 6. f4 e6 7. Nf3 Nge7 8. O-O
O-O 9. Be3 Nd4 10. e5 dxe5 11. Nxe5 Rb8 12. Ne4 b6 13. c3 Ndf5 14. Bf2 Qc7 15.
Nc4 Nd5 16. a4 Bb7 17. Qe2 Rfd8 18. Rfe1 Bc6 19. Ng5 h6 20. Ne4 Rbc8 21. Red1
Be8 22. Qf3 Nfe7 23. Qe2 Nc6 24. Re1 a6 25. a5 Nxa5 26. Nxa5 bxa5 27. Nxc5 Qb6
28. Ne4 Qc7 29. Nc5 Ra8 30. d4 Qb6 31. Na4 Bxa4 32. Rxa4 Rab8 33. Ra2 a4 34.
Rea1 Rdc8 35. Rxa4 Qxb2 36. Qxb2 Rxb2 37. Bxd5 exd5 38. Be1 Re8 39. R4a2 Rxa2
0-1

[Event "4NCL/Div4/PAP vs. ATH1"]
[Site "West Bromwich ENG"]
[Date "2005.11.06"]
[Round "2.3"]
[White "Sheldon, Ruth"]
[Black "McKeown, Paul"]
[Result "1/2-1/2"]
[WhiteElo "2256"]
[BlackElo "2060"]
[PlyCount "66"]
[EventDate "2005.11.06"]
[SourceDate "2005.10.25"]

1. d4 d5 2. c4 c6 3. Nf3 Nf6 4. Nc3 e6 5. e3 Nbd7 6. Qc2 Bd6 7. Bd3 O-O 8. O-O
Qc7 9. b3 h6 10. Bb2 b6 11. Rac1 Bb7 12. h3 Rac8 13. Qe2 Qb8 14. e4 dxe4 15.
Nxe4 Nxe4 16. Qxe4 Nf6 17. Qh4 Be7 18. Ne5 Qc7 19. Rfe1 c5 20. dxc5 Qxc5 21.
Bd4 Qd6 22. Qf4 Rfd8 23. Rcd1 Qc7 24. Bb2 Bc5 25. Qh4 Qe7 26. Ng4 Nxg4 27. Qxg4
Qg5 28. Qxg5 hxg5 29. Re5 Be7 30. Re2 Kf8 31. a3 Rd7 32. Bc2 Rxd1+ 33. Bxd1 Rd8
1/2-1/2

[Event "4NCL/Div4/PAP vs. ATH1"]
[Site "West Bromwich ENG"]
[Date "2005.11.06"]
[Round "2.4"]
[White "Gruettner, Ralf"]
[Black "Lang, Heather"]
[Result "1-0"]
[WhiteElo "2105"]
[BlackElo "2040"]
[PlyCount "69"]
[EventDate "2005.11.06"]
[SourceDate "2005.10.25"]

1. d4 f5 2. e4 fxe4 3. Nc3 Nf6 4. f3 d5 5. fxe4 dxe4 6. Bc4 Qd6 7. Nge2 Bf5 8.
O-O e6 9. Ng3 Nc6 10. Nb5 Qd7 11. d5 Bc5+ 12. Kh1 O-O-O 13. Bg5 Bg4 14. Bxf6
exd5 15. Qxd5 Qxd5 16. Bxd5 Rxd5 17. c4 Rd7 18. Nxe4 Be3 19. Rae1 Bh6 20. Bc3
Rhd8 21. h3 Be6 22. Ned6+ Rxd6 23. Nxd6+ Rxd6 24. c5 Bc4 25. cxd6 Bxf1 26. Rxf1
cxd6 27. Rf7 Ne5 28. Bxe5 dxe5 29. Kg1 e4 30. Kf1 e3 31. Ke2 b5 32. h4 a5 33.
g4 g5 34. Rxh7 Bf8 35. Rh8 1-0

[Event "4NCL/Div4/PAP vs. ATH1"]
[Site "West Bromwich ENG"]
[Date "2005.11.06"]
[Round "2.5"]
[White "Forbes, Cathy"]
[Black "Quinn, John M"]
[Result "1/2-1/2"]
[WhiteElo "2075"]
[BlackElo "2080"]
[PlyCount "81"]
[EventDate "2005.11.06"]
[SourceDate "2005.10.25"]

1. d4 Nf6 2. Bf4 c5 3. e3 g6 4. c3 Qb6 5. Qb3 Nc6 6. Nd2 d5 7. Be2 c4 8. Qxb6
axb6 9. a3 b5 10. Rc1 Bg7 11. Ngf3 O-O 12. h3 Nd7 13. e4 dxe4 14. Nxe4 e5 15.
dxe5 Ndxe5 16. Nxe5 Nxe5 17. Nd6 Bd7 18. Nxb7 Bc6 19. Bxe5 Bxe5 20. Bf3 Bxf3
21. gxf3 Rfc8 22. Rd1 Rc7 23. Nd6 b4 24. axb4 Ra2 25. O-O Rxb2 26. Nb5 Re7 27.
Rfe1 f5 28. Kg2 Kf7 29. Rd5 Bf6 30. Rxe7+ Kxe7 31. Rc5 Bh4 32. Rxc4 Rxf2+ 33.
Kg1 Bg3 34. Nd4 Ra2 35. Nc6+ Kd6 36. f4 Bf2+ 37. Kf1 Be3 38. Ne5 Rf2+ 39. Ke1
Rh2 40. b5 Rxh3 41. Rc6+ 1/2-1/2

[Event "4NCL/Div4/PAP vs. ATH1"]
[Site "West Bromwich ENG"]
[Date "2005.11.06"]
[Round "2.6"]
[White "Weighell, Mark"]
[Black "Kieran, Rosalind A"]
[Result "0-1"]
[WhiteElo "1990"]
[BlackElo "2015"]
[PlyCount "61"]
[EventDate "2005.11.06"]
[SourceDate "2005.10.25"]

1. e4 c5 2. d4 cxd4 3. c3 Nf6 4. e5 Nd5 5. Nf3 Nc6 6. cxd4 d6 7. Bc4 Nb6 8. Bb5
d5 9. O-O g6 10. Bg5 Bg7 11. Qc1 Bd7 12. Bh6 O-O 13. Bxg7 Kxg7 14. Qf4 Rc8 15.
Nc3 Nb4 16. Be2 Bf5 17. Rfd1 Nc4 18. Bxc4 Rxc4 19. a3 Na6 20. g4 Be6 21. Rd3
Qd7 22. h3 h6 23. Kh2 f5 24. g5 h5 25. Rd2 Nc5 26. Rc2 Ne4 27. Rac1 Rfc8 28.
Qe3 f4 29. Qxf4 Rf8 30. Qe3 Bxh3 31. Ne2 0-1

[Event "4NCL/Div4/BRJ vs. GLOSG"]
[Site "West Bromwich ENG"]
[Date "2005.11.06"]
[Round "2.1"]
[White "Headlong, Timothy"]
[Black "Bolt, Graham"]
[Result "1/2-1/2"]
[WhiteElo "2205"]
[BlackElo "2125"]
[PlyCount "56"]
[EventDate "2005.11.06"]
[SourceDate "2005.10.25"]

1. c4 e5 2. Nc3 Nc6 3. g3 g6 4. Bg2 Bg7 5. Rb1 Nge7 6. b4 f5 7. b5 Nd4 8. d3
O-O 9. e3 Ne6 10. Nd5 c6 11. Nxe7+ Qxe7 12. Ne2 a6 13. bxc6 bxc6 14. O-O Ra7
15. Qa4 Rd8 16. Ba3 Qe8 17. Bd6 a5 18. Qa3 Bf8 19. Nc3 Bxd6 20. Qxd6 Nc7 21.
Na4 Qe6 22. Qc5 Ra6 23. Rb6 Ra8 24. Rfb1 Ba6 25. Nc3 Rdc8 26. h3 Kf7 27. Kh2
Qe7 28. Na4 Qxc5 1/2-1/2

[Event "4NCL/Div4/BRJ vs. GLOSG"]
[Site "West Bromwich ENG"]
[Date "2005.11.06"]
[Round "2.2"]
[White "White, Ian R"]
[Black "Haydon, Richard"]
[Result "0-1"]
[WhiteElo "2120"]
[BlackElo "2185"]
[PlyCount "76"]
[EventDate "2005.11.06"]
[SourceDate "2005.10.25"]

1. e4 g6 2. d4 Bg7 3. Nc3 d6 4. Nf3 Nf6 5. h3 O-O 6. Be3 c6 7. a4 d5 8. e5 Ne4
9. Nxe4 dxe4 10. Ng5 c5 11. dxc5 Qc7 12. Bc4 Nc6 13. Nxe4 Qxe5 14. Nc3 Bf5 15.
O-O Rad8 16. Qc1 Nd4 17. Bb3 Qxc5 18. Bxd4 Bxd4 19. Nb5 Be5 20. Qe3 Qxe3 21.
fxe3 Rd2 22. Rf2 Rfd8 23. Raf1 a6 24. Nc3 Bxc3 25. bxc3 e6 26. Rxd2 Rxd2 27.
Rf2 Rxf2 28. Kxf2 Be4 29. a5 Kf8 30. g4 g5 31. Bc4 Bxc2 32. Be2 Be4 33. Bf3
Bxf3 34. Kxf3 f5 35. Ke2 Kg7 36. Kd3 Kg6 37. gxf5+ Kxf5 38. Kd4 h5 0-1

[Event "4NCL/Div4/BRJ vs. GLOSG"]
[Site "West Bromwich ENG"]
[Date "2005.11.06"]
[Round "2.3"]
[White "Hall, Daniel J"]
[Black "Hosken, Nigel"]
[Result "1-0"]
[WhiteElo "2080"]
[BlackElo "2105"]
[PlyCount "51"]
[EventDate "2005.11.06"]
[SourceDate "2005.10.25"]

1. e4 c5 2. Nf3 d6 3. Bb5+ Bd7 4. Bxd7+ Qxd7 5. O-O Nf6 6. Re1 Nc6 7. c3 e6 8.
d4 cxd4 9. cxd4 d5 10. e5 Ne4 11. Nbd2 Nxd2 12. Bxd2 Be7 13. Rc1 O-O 14. Rc3
Rfc8 15. a3 a6 16. Rd3 b6 17. Ng5 Bxg5 18. Bxg5 Ne7 19. Qh5 Ng6 20. Qg4 Rc2 21.
h4 Ne7 22. Bf6 g6 23. Qg5 Ra7 24. h5 Rac7 25. g4 Rxb2 26. Qh6 1-0

[Event "4NCL/Div4/BRJ vs. GLOSG"]
[Site "West Bromwich ENG"]
[Date "2005.11.06"]
[Round "2.4"]
[White "Gilmour, Andrew J"]
[Black "Tomboline, David"]
[Result "0-1"]
[WhiteElo "2065"]
[BlackElo "1985"]
[PlyCount "96"]
[EventDate "2005.11.06"]
[SourceDate "2005.10.25"]

1. e4 e6 2. d4 d5 3. Nd2 dxe4 4. Nxe4 Bd7 5. Nf3 Bc6 6. Bd3 Nd7 7. O-O Be7 8.
c4 Ngf6 9. Ng3 Bxf3 10. Qxf3 c6 11. Bf4 O-O 12. Rfd1 a5 13. Rac1 Qb6 14. Rc2 a4
15. Re2 Rfe8 16. h3 Rad8 17. Bc2 Qa6 18. Qc3 Ra8 19. Be5 b5 20. b3 axb3 21.
axb3 bxc4 22. bxc4 Qa3 23. Qd2 Red8 24. Qf4 Nxe5 25. dxe5 Rxd1+ 26. Bxd1 Nd7
27. Bc2 Nf8 28. Qe4 Qc5 29. Kh2 Bd8 30. Nf1 Bb6 31. Ne3 Ra3 32. Bd3 Ng6 33. Nc2
Ra2 34. h4 Bc7 35. f4 Bb6 36. h5 Nf8 37. Kg3 Rb2 38. Kf3 Rb1 39. Ne3 Rb3 40.
Ra2 Qb4 41. Ra8 g6 42. Ng4 Qd2 43. Nf6+ Kg7 44. h6+ Kxh6 45. Rxf8 Rxd3+ 46.
Qxd3 Qxd3+ 47. Kg4 Bf2 48. Rxf7 Qg3# 0-1

[Event "4NCL/Div4/BRJ vs. GLOSG"]
[Site "West Bromwich ENG"]
[Date "2005.11.06"]
[Round "2.5"]
[White "Cabero, Pablo Padilla"]
[Black "Dodwell, Phil"]
[Result "1-0"]
[WhiteElo "1955"]
[BlackElo "2060"]
[PlyCount "91"]
[EventDate "2005.11.06"]
[SourceDate "2005.10.25"]

1. e4 e5 2. Nf3 Nc6 3. d4 exd4 4. Nxd4 Nf6 5. Nxc6 bxc6 6. Bd3 d5 7. Qe2 dxe4
8. Bg5 Bb4+ 9. Nc3 O-O 10. Bxe4 Qd4 11. O-O Bxc3 12. Bxf6 Qxf6 13. bxc3 a5 14.
Qf3 Qxf3 15. Bxf3 Bf5 16. Bxc6 Rad8 17. Rab1 Rd2 18. Rb5 Bxc2 19. Rxa5 Rb8 20.
Re1 Kf8 21. Rae5 g6 22. f4 Bd3 23. a4 Rbb2 24. a5 f5 25. Re8+ Kg7 26. Rd8 Kh6
27. Ra1 Ba6 28. Rxd2 Rxd2 29. Ra4 Rb2 30. c4 Kg7 31. Bb5 Bb7 32. a6 Rxg2+ 33.
Kf1 Ba8 34. Bd7 Rb2 35. c5 Rb8 36. a7 Rb1+ 37. Kf2 c6 38. Ra6 Rb5 39. Rb6 Ra5
40. Bxc6 Bxc6 41. Rxc6 Rxa7 42. Ke3 Ra4 43. Rc7+ Kg8 44. c6 Re4+ 45. Kd3 Rxf4
46. Rd7 1-0